00516nam a2200121 a 450000100100000000500170001000800410002704000250006811101030009324500800019626000810027630000370035700004027520201002034027.0130821s1990 bg 000 0 spa d aDO-SdBNPbspacBNPHU2 aConferencia regional sobre pobreza en América Latina y el Cariben(2:d1990 : 20-23 nov.cQuito)10aSegunda conferencia regional sobre pobreza en América Latina y el Caribe. aBogotá :bPrograma de la Naciones Unidas para el Desarrollo (PNUD),c1990. a234 p. :bil., gráf. ;c23 cm.